Legendäre Fußballspiele Nr. 06 - Statistiken

Allgemein
  • Dieses Quiz wurde 14 mal gespielt
  • Das Durchschnittsergebnis liegt bei 4 aus 7
Antwortstatistiken
Treffer
Spielstand und Torschütze
% Korrekt
2
1:1 Karl-Heinz Schnellinger (90')
85%
3
1:2 Gerd Müller (94')
85%
6
3:3 Gerd Müller (110')
85%
1
1:0 Roberto Boninsegna (8')
54%
5
3:2 Luigi Riva (104')
38%
7
4:3 Gianni Rivera (111')
38%
4
2:2 Tarcisio Burgnich (98')
23%
Keine übereinstimmenden Quizze gefunden
Verteilung der Resultate
Anzahl Personen mit jedem Resultat
Perzentil nach korrekt beantworteten Fragen
Ihre Resultats-Entwicklung
Sie haben dieses Quiz noch nicht gespielt